000 00443nam a2200157 i 4500
001 102204
003 ES-MaACL
005 20230906183049.0
007 t|
008 051107s1918 sp ||||1| spa d
100 1 _aMendoza, Daniel.
_980242
245 1 3 _aEl llanero
_b: (Estudio de sociologĂ­a venezolana) /
_cDaniel Mendoza.
260 _aMadrid :
_bEditorial América,
_c1918.
300 _a208 p. ;
_c20 cm.
852 _aES-MaACL
_jF-4711
999 _c102204
_d102204